City Logic Puzzle - Statistics

General Stats
  • This quiz has been taken 206 times
  • The average score is 3 of 16
Answer Stats
Hint Answer % Correct
A1 and B1's respective countries fought a war together. Moreover, B1 is under sea-level. Istanbul
99%
All the cities in the first column are majority Muslim. C1 is European. Baku
36%
B2 and C2 both have Tamil as official languages. Both D4 and C2 contain at least 10 islands. Sarajevo
30%
D2 and C3 are two cities an hour apart located in countries hostile to each other. There is a border celebration in between the route. Colombo
22%
D1 and C3 are both known for special types of parathas. No 2 cities are in the same country. Singapore
21%
A4 and A3 are nearly antipodes. Stockholm
14%
Fun Fact: Lightning hits the Empire State Building 25 times an year. New York
13%
B3 and C4 have the same first 5 letters. Lahore
12%
There is a passenger ferry from A4 to an island a few kilometers away from C2. Kuala Lumpur
10%
Parts of B3 are directly north of B1. B4 and D3 both border freshwater lakes. Amritsar
9%
Parts of D4 are directly north of C1. Parts of A3 are directly south of A2. Jakarta
9%
Fun quote by the mayor: "A developed country is not a place where the poor have cars. It's where the rich use public transportation." Bogota
7%
I wish I could live here. Geneva
7%
Both of the major UN headquarters are located within this quiz. Samara
7%
D4 is one of the most livable cities in the world. Toronto
7%
When driving between A2 and B4, one passes a waterfall straddling two countries. Samarkand
6%
No matching quizzes found
Score Distribution
Percent of People with Each Score
Percentile by Number Answered
Your Score History
You have not taken this quiz